000 00361nam a2200133Ia 4500
005 20251222141820.0
008 251222s9999||||xx |||||||||||||| ||spa||
020 _a978-9972-9995-7-4
082 _a338.91/H21
100 _aHaour, Bernardo
245 0 _aApertura a la Globalización:
264 _bFondo Editorial Universidad Pedro Ruiz de Montoya
942 _cLIB
999 _c6755
_d6755